Ivy + Bean make the rules / (Record no. 2273)

MARC details
000 -LEADER
fixed length control field 01488cam a2200421 a 4500
001 - CONTROL NUMBER
control field 2273
003 - CONTROL NUMBER IDENTIFIER
control field FISKH
005 - DATE AND TIME OF LATEST TRANSACTION
control field 20250211154908.0
008 - FIXED-LENGTH DATA ELEMENTS--GENERAL INFORMATION
fixed length control field 111216s2012 caua b 000 0 eng c
010 ## - LIBRARY OF CONGRESS CONTROL NUMBER
LC control number 2011051360
020 ## - INTERNATIONAL STANDARD BOOK NUMBER
International Standard Book Number 9781452102955 (alk. paper)
020 ## - INTERNATIONAL STANDARD BOOK NUMBER
International Standard Book Number 9780545600484
040 ## - CATALOGING SOURCE
Original cataloging agency NJQ/DLC
Transcribing agency NJQ
Language of cataloging eng
042 ## - AUTHENTICATION CODE
Authentication code pcc
-- lcac
050 00 - LIBRARY OF CONGRESS CALL NUMBER
Classification number PZ7.B27576
Item number Iwbe 2012
082 00 - DEWEY DECIMAL CLASSIFICATION NUMBER
Classification number 813.6
Edition number 23
100 1# - MAIN ENTRY--PERSONAL NAME
Personal name Barrows, Annie.
245 10 - TITLE STATEMENT
Title Ivy + Bean make the rules /
Statement of responsibility, etc. written by Annie Barrows ; illustrated by Sophie Blackall.
246 3# - VARYING FORM OF TITLE
Title proper/short title Ivy and Bean make the rules
250 ## - EDITION STATEMENT
Edition statement First Scholastic printing, May 2013
260 ## - PUBLICATION, DISTRIBUTION, ETC.
Place of publication, distribution, etc. New York :
Name of publisher, distributor, etc. Scholastic,
Date of publication, distribution, etc. 2012
300 ## - PHYSICAL DESCRIPTION
Extent 126 pages :
Other physical details illustrations ;
Dimensions 20 cm
490 0# - SERIES STATEMENT
Series statement Ivy + Bean ;
Volume/sequential designation Book 9
505 ## - FORMATTED CONTENTS NOTE
Formatted contents note K<br/>
520 ## - SUMMARY, ETC.
Summary, etc. Seven-year-old Bean is too young to go to the camp her sister Nancy is attending, so she and her best friend Ivy decide to create their own camp.
521 8# - TARGET AUDIENCE NOTE
Target audience note 510<br/>
Source Lexile<br/>
521 8# - TARGET AUDIENCE NOTE
Target audience note K<br/>
Source Raz-Plus<br/>
600 00 - SUBJECT ADDED ENTRY--PERSONAL NAME
Personal name Bean
Titles and other words associated with a name (Fictitious character from Barrows)
Form subdivision Juvenile fiction.
650 #0 - SUBJECT ADDED ENTRY--TOPICAL TERM
Topical term or geographic name entry element Ivy (Fictitious character : Barrows)
Form subdivision Juvenile fiction.
650 #0 - SUBJECT ADDED ENTRY--TOPICAL TERM
Topical term or geographic name entry element Camps
Form subdivision Juvenile fiction.
650 #0 - SUBJECT ADDED ENTRY--TOPICAL TERM
Topical term or geographic name entry element Best friends
Form subdivision Juvenile fiction.
650 #1 - SUBJECT ADDED ENTRY--TOPICAL TERM
Topical term or geographic name entry element Camps
Form subdivision Fiction.
650 #1 - SUBJECT ADDED ENTRY--TOPICAL TERM
Topical term or geographic name entry element Best friends
Form subdivision Fiction.
650 #1 - SUBJECT ADDED ENTRY--TOPICAL TERM
Topical term or geographic name entry element Friendship
Form subdivision Fiction.
700 1# - ADDED ENTRY--PERSONAL NAME
Personal name Blackall, Sophie,
Relator term illustrator
906 ## - LOCAL DATA ELEMENT F, LDF (RLIN)
a 7
b cbc
c orignew
d 1
e ecip
f 20
g y-gencatlg
942 ## - ADDED ENTRY ELEMENTS (KOHA)
Source of classification or shelving scheme Dewey Decimal Classification
Koha item type Books
Suppress in OPAC No
Holdings
Withdrawn status Lost status Source of classification or shelving scheme Damaged status Not for loan Collection Home library Current library Shelving location Date acquired Total Checkouts Full call number Barcode Date last seen Date last checked out Price effective from Koha item type Copy number
    Dewey Decimal Classification     Juvenile Fiction Footprints International School Library Network Toul Kork Campus Footprints International School Library Network Toul Kork Campus TK Primary Library Room(4th Floor), Bookcase 3&4, Shelves 17-32, Yellow Books 11/14/2023 2 BAR 813.6 PZ7.B27576 FISTK00712 12/19/2025 08/29/2025 11/14/2023 Books  
    Dewey Decimal Classification     Juvenile Fiction Footprints International School Library Network Toul Kork Campus Footprints International School Library Network Toul Kork Campus TTP Primary Yellow Bookshelves 02/11/2025   BAR 813.6 PZ7.B27576 2025-0517 02/11/2025   02/11/2025 Books 2